Engineering mechanics. (Record no. 8031)
[ view plain ]
| 000 -LEADER | |
|---|---|
| fixed length control field | 00834pam a2200277 a 4500 |
| 001 - CONTROL NUMBER | |
| control field | 1072199 |
| 005 - DATE AND TIME OF LATEST TRANSACTION | |
| control field | 20251104164715.0 |
| 008 - FIXED-LENGTH DATA ELEMENTS--GENERAL INFORMATION | |
| fixed length control field | 911204s1994 ilua 001 0 eng |
| 020 ## - INTERNATIONAL STANDARD BOOK NUMBER | |
| International Standard Book Number | 0256114528 |
| 020 ## - INTERNATIONAL STANDARD BOOK NUMBER | |
| International Standard Book Number | 0256165564 |
| Qualifying information | errata sheet |
| 020 ## - INTERNATIONAL STANDARD BOOK NUMBER | |
| International Standard Book Number | 9780256114522 |
| 020 ## - INTERNATIONAL STANDARD BOOK NUMBER | |
| International Standard Book Number | 9780256165562 |
| Qualifying information | (errata sheet) |
| 050 00 - LIBRARY OF CONGRESS CALL NUMBER | |
| Classification number | TA350 |
| Item number | .D36 1994 |
| 082 00 - DEWEY DECIMAL CLASSIFICATION NUMBER | |
| Classification number | 620.1/03 |
| Edition information | 20 |
| 100 1# - MAIN ENTRY--PERSONAL NAME | |
| Personal name | Das, Braja M., |
| Dates associated with a name | 1941- |
| 245 10 - TITLE STATEMENT | |
| Title | Engineering mechanics. |
| Name of part/section of a work | Statics / |
| Statement of responsibility, etc. | Braja M. Das, Aslam Kassimali, Sedat Sami. |
| 260 ## - PUBLICATION, DISTRIBUTION, ETC. | |
| Place of publication, distribution, etc. | Burr Ridge, Ill. : |
| Name of publisher, distributor, etc. | Irwin, |
| Date of publication, distribution, etc. | c1994. |
| 300 ## - PHYSICAL DESCRIPTION | |
| Extent | xii, 580 p. : |
| Other physical details | ill. ; |
| Dimensions | 25 cm. |
| 500 ## - GENERAL NOTE | |
| General note | Errata sheet and correction labels included. |
| 500 ## - GENERAL NOTE | |
| General note | Includes index. |
| 650 #0 - SUBJECT ADDED ENTRY--TOPICAL TERM | |
| Topical term or geographic name entry element | Mechanics, Applied. |
| 650 #0 - SUBJECT ADDED ENTRY--TOPICAL TERM | |
| Topical term or geographic name entry element | Statics. |
| 700 1# - ADDED ENTRY--PERSONAL NAME | |
| Personal name | Kassimali, Aslam. |
| 700 1# - ADDED ENTRY--PERSONAL NAME | |
| Personal name | Sami, Sedat. |
| 942 ## - ADDED ENTRY ELEMENTS (KOHA) | |
| Source of classification or shelving scheme | Library of Congress Classification |
| Koha item type | Books |
| Suppress in OPAC | No |
| 999 ## - | |
| -- | 8031 |
| -- | 8031 |
| Withdrawn status | Lost status | Source of classification or shelving scheme | Damaged status | Not for loan | Collection | Home library | Current library | Shelving location | Date acquired | Total checkouts | Full call number | Barcode | Date last seen | Copy number | Price effective from | Koha item type |
|---|---|---|---|---|---|---|---|---|---|---|---|---|---|---|---|---|
| Library of Congress Classification | Non-fiction | Science Library (Miotso) | Science Library (Miotso) | General stacks | 11/04/2025 | TA350 .D36 DAS | SLM00005263 | 11/04/2025 | 1 | 11/04/2025 | Books | |||||
| Library of Congress Classification | Non-fiction | Science Library (Miotso) | Science Library (Miotso) | General stacks | 11/29/2025 | TA350 .D36 DAS | SLM00006423 | 11/29/2025 | 2 | 11/29/2025 | Books | |||||
| Library of Congress Classification | Non-fiction | Science Library (Miotso) | Science Library (Miotso) | General stacks | 11/29/2025 | TA350 .D36 DAS | SLM00006424 | 11/29/2025 | 3 | 11/29/2025 | Books | |||||
| Library of Congress Classification | Non-fiction | Science Library (Miotso) | Science Library (Miotso) | General stacks | 11/29/2025 | TA350 .D36 DAS | SLM00006425 | 11/29/2025 | 4 | 11/29/2025 | Books | |||||
| Library of Congress Classification | Non-fiction | Science Library (Miotso) | Science Library (Miotso) | General stacks | 11/29/2025 | TA350 .D36 DAS | SLM00006426 | 11/29/2025 | 5 | 11/29/2025 | Books | |||||
| Library of Congress Classification | Non-fiction | Science Library (Miotso) | Science Library (Miotso) | General stacks | 11/29/2025 | TA350 .D36 DAS | SLM00006427 | 11/29/2025 | 6 | 11/29/2025 | Books | |||||
| Library of Congress Classification | Non-fiction | Science Library (Miotso) | Science Library (Miotso) | General stacks | 11/29/2025 | TA350 .D36 DAS | SLM00006428 | 11/29/2025 | 7 | 11/29/2025 | Books |